=LDR 00000nam 2200000 4500 =001 INLIS000000000048087 =005 20160421113746.0 =006 =007 =008 =020 ##$$a 979-553-253-7 =035 ##$$0010-041600000000068 =082 ##$$a 440.076 =090 ##$$a 440.076 Mar e =100 ##$$a Mariadwari T, Cisca =245 ##$$a Exercice De Grammaire $b Kumpulan Soal Bahasa Perancis =260 ##$$a jakarta $b Grasindo $c 1993 =300 ##$$a xiv, 118 hlm $c 24 cm =990 ##$$a 0001/BPAP-NTB/2016